[Event "HUN-ch U10/14 Girls"]
[Site "Buek"]
[Date "2023.06.24"]
[Round "8"]
[White "Hangyal, Dora"]
[Black "Dorner, Ilona"]
[Result "0-1"]
[WhiteElo "1345"]
[BlackElo "1040"]
[PlyCount "142"]
[EventDate "2023.06.17"]
[EventType "swiss"]
[EventRounds "9"]
[EventCountry "HUN"]
[SourceTitle "CBM 215 Extra"]
[Source "ChessBase"]
[SourceDate "2023.09.30"]
[SourceVersion "1"]
[SourceVersionDate "2023.09.30"]
[SourceQuality "1"]

1. e4 e5 2. Nf3 Nc6 3. d4 exd4 4. Nxd4 Nf6 5. Nxc6 bxc6 6. e5 Qe7 7. Qe2 Nd5 8. c4 Nb6 9. Nd2 d6 10. f4 Nd7 11. Nf3 g6 12. Rb1 Bg7 13. exd6 Qxe2+ 14. Bxe2 cxd6 15. 0-0 0-0 16. b3 Nc5 17. Rd1 Bf5 18. Rb2 Bxb2 19. Bxb2 Rad8 20. Nh4 Bc2 21. Rd2 Bb1 22. Bd4 f6 23. Nf3 Bf5 24. Nh4 Be6 25. Nf3 Ne4 26. Rd1 c5 27. Bb2 Bg4 28. Re1 f5 29. a3 Bxf3 30. gxf3 Nf6 31. b4 Kf7 32. b5 Rfe8 33. Kf2 Re7 34. a4 a6 35. b6 a5 36. Bc3 Ra8 37. Rb1 Rb7 38. Rb5 Nd7 39. Bxa5 Rab8 40. Bc3 Rxb6 41. a5 Ra6 42. h4 h5 43. Ke3 Rba8 44. Bd1 Ke6 45. Bb3 Nb8 46. Rb7 R6a7 47. Rb6 Na6 48. Be5 Rd8 49. Bc3 Nb4 50. Bxb4 cxb4 51. c5+ Ke7 52. cxd6+ Rxd6 53. Rxb4 Rxa5 54. Rb7+ Rd7 55. Rb6 Ra3 56. Kf2 Rd3 57. Bc4 Rxf3+ 58. Kg2 Rxf4 59. Bd5 Rd4 60. Bf3 Rxh4 61. Rxg6 Rg4+ 62. Bxg4 hxg4 63. Rb6 Rd3 64. Ra6 Rd6 65. Ra5 Kf6 66. Kg3 Kg5 67. Rb5 Rd3+ 68. Kf2 g3+ 69. Kg2 Kg4 70. Rb2 f4 71. Rb8 f3+ 0-1